000 00462cam a2200193ua 4500
001 612
008 110409n ii |||gr||||Z||||||eng
020 _a81-7339-025-8
040 _cMAIN
082 _a320.5
245 _aRajnaitik tatta.
_cBy Purandar Gogoi.
250 _a1st.
260 _aDibrugarh.:
_bBanalata.,996.
300 _a455 p.:
_c20 cm.
653 _aPolitical science.
653 _aRajnaitik tatta.
700 1 _aGogoi, Purandar.,
942 _cBK
999 _c543
_d543